00404nam a22001457a 4500020001500000082001200015100002500027245002200052260002300074300000800097650001300105942000700118952011600125999001700241 a2825407496 a230 LAZ aLazareth, William H. aThe Lord Of Life  aGeenevabWCCc1983 a164 aTheology cBK 00104070aHMIbHMId2016-04-19eMr Christoph Wildfangg0.00l0o230 LAZp11003380r2026-01-16w2026-01-16yBK c20069d20069